| 000 | 00376nam a22001457a 4500 | ||
|---|---|---|---|
| 005 | 20200607102118.0 | ||
| 008 | 200607b xxu||||| |||| 00| 0 eng d | ||
| 082 | _a345.4 | ||
| 110 |
_aA.I.R _95791 |
||
| 245 | _aALL INDIA REPORTER, 2007 (V-94) S.C. SECTION (3rd) | ||
| 260 |
_aMUMBAI _bALL INDIA REPORTER PVT. LTD. |
||
| 300 | _a3248;p | ||
| 650 |
_aLAW _95701 |
||
| 942 | _cJRL | ||
| 999 |
_c6878 _d6876 |
||